|
|
|
|
| LEADER |
01341nam a2200337 a 4500 |
| 001 |
4284967 |
| 003 |
BD-DhAAL |
| 005 |
20211115125730.0 |
| 008 |
170806s1984 enka b 101 0 eng |
| 999 |
|
|
|c 38240
|d 38240
|
| 010 |
|
|
|a 85162373
|
| 020 |
|
|
|a 0720116163
|
| 040 |
|
|
|a DLC
|c DLC
|d DLC
|d BD-DhAAL
|
| 050 |
0 |
0 |
|a HT330
|b .M45 1984b
|
| 082 |
0 |
0 |
|a 307.7640904
|2 19
|
| 245 |
0 |
0 |
|a Metropolis 1890-1940 /
|c edited by Anthony Sutcliffe.
|
| 260 |
|
|
|a London :
|b Mansell,
|c 1984.
|
| 300 |
|
|
|a viii, 458 pages :
|b illustrations ;
|c 25 cm.
|
| 490 |
0 |
|
|a Studies in history, planning, and the environment
|
| 500 |
|
|
|a "An Alexandrine Press book."
|
| 504 |
|
|
|a Includes bibliographies and index.
|
| 526 |
|
|
|a ARC
|
| 541 |
|
|
|e 31972
|
| 650 |
|
0 |
|a Metropolitan areas
|x History
|y 20th century
|x Congresses.
|9 21938
|
| 650 |
|
0 |
|a Cities and towns
|x Growth
|x History
|y 20th century
|x Congresses.
|9 21939
|
| 650 |
|
0 |
|a Urbanization
|x History
|y 20th century
|x Congresses.
|9 21940
|
| 650 |
|
0 |
|a City planning
|x History
|y 20th century
|x Congresses.
|9 21941
|
| 650 |
|
0 |
|a Architecture
|9 42658
|
| 700 |
1 |
|
|a Sutcliffe, Anthony,
|d 1942-2011.
|9 21942
|
| 942 |
|
|
|2 ddc
|c BK
|
| 952 |
|
|
|0 0
|1 0
|2 ddc
|4 0
|6 307_764090400000000_MET
|7 0
|9 60969
|a BRACUL
|b BRACUL
|c GEN
|d 2017-07-31
|e Development Book Agency
|g 10990.00
|l 0
|o 307.7640904 MET
|p 3010031972
|r 2017-07-31
|t 1
|v 10990.00
|w 2017-07-31
|y BK
|